Wymień kluby piłkarskie z filmu "Piłkarski Poker" - Statystyki

Ogólne statystyki
  • Ten quiz został rozwiązany 103 razy
  • Średni wynik to 6 z 12
Statystyki odpowiedzi
Hint Odpowiedź % Poprawnych
1 Powiśle Warszawa
89%
2 Czarni Zabrze
85%
3 Kokon Łódź
76%
4 Biała Białystok
74%
5 Mutra Lublin
49%
10 Poligon Wrocław
48%
8 Odlew Poznań
47%
7 Stalówka Stalowa Wola
44%
6 Oceania Gdynia
37%
9 Koks Wałbrzych
27%
12 Cukrownik Białystok
5%
11 ŚKS Wałbrzych
2%
Nie znaleziono quizów pasujących do podanych kryteriów
Rozkład punktacji
Procent ludzi z każdym wynikiem
Percentyl według liczby udzielonych odpowiedzi
Twoja historia wyników
Nie rozwiązałeś tego quizu